000 00527nam a2200181Ia 4500
001 20691
005 20260306172824.0
008 260306t2019||||xx |||||||||||||| ||spa||
041 _aESP
082 _a343.6
_bS25
100 _aSanty Cabrera, Luiggi V.
_eAUT
245 0 _aControl gubernamental:
_bresponsabilidad administrativa de los funcionarios y servidores públicos. Auditoría de cumplimiento
260 _c2019
300 _a605 páginas :
_c25 cm.
650 _aGEN
654 _aCDE
942 _cLIB
_dJUS
_fJUS
_2ddc
_n
999 _c20691
_d20691